| 000 | 00707nam a22001937a 4500 | ||
|---|---|---|---|
| 005 | 20170126095517.0 | ||
| 008 | 160307b2014 ck ||||gr|||| 00| 0 spa d | ||
| 040 |
_aCO-BoIAVH _cCO-BoIAVH |
||
| 041 | 0 | _aspa | |
| 044 | _ack | ||
| 082 | 0 | 4 |
_a327.172 _bG89h |
| 110 | 1 | _aGrupo Banco Mundial | |
| 245 | 1 | 0 |
_aHacia la paz sostenible, la erradicación de la pobreza y la prosperidad compartida _bNotas de política: Colombia / _cGrupo Banco Mundial |
| 260 |
_aBogotá : _bGrupo Banco Mundial, _c[2014?]. |
||
| 300 |
_a32 páginas ; _c28 x 22 centímetros |
||
| 650 | 6 |
_aConsolidación de la paz _xpolítica _zColombia |
|
| 650 | 6 |
_aConsolidación de la paz _zColombia |
|
| 942 |
_2ddc _cLIBRO |
||
| 999 |
_c18202 _d18202 |
||